000
00365nam a2200145Ia 4500
008
230718s9999 xx 000 0 und d
041
_a
Eng.
082
_a
615.3
_b
خال-ج
100
_a
خالد ، اگر چوہدری
245
0
_a
جموعہ ضابطہ دیوانی
260
_a
Pakistan
_b
Mansoor book
_c
2009
300
_a
936
650
_a
Law
999
_c
29235
_d
29235